000 00923cam a2200241 4500
001 ABS68476
008 041111n2004 000 0 eng u
035 _a(Sirsi) u127945
100 _aMenzies, G.
245 _aWalk this way?
260 _c2004
490 _aJournal of the Law Society of Scotland
_v49(10) October 2004, 26-27(2)
520 _aExplains how Scotland's access rights legislation has conferred greater access to open land than England's right to roam. The Land Reform (Scotland) Act 2003 applies to both town and country, whereas the Countryside and Rights of Way Act 2000 concentrated on open and common land in rural areas only.
590 _aABS
590 _aABS
650 _aRIGHT OF ACCESS
650 _aRIGHT TO ROAM
650 _aOPEN LAND
650 _aLAND REFORM (SCOTLAND) ACT 2003
650 _aCOUNTRYSIDE AND RIGHTS OF WAY ACT 2000
690 _aRURAL
_96268
942 _n0
999 _c118295
_d118295